[Event "Chigorin Memorial 07th"]
[Site "St Petersburg"]
[Date "1999.11.07"]
[Round "6"]
[White "Soldatenkov, Kusma"]
[Black "Melnikov, Dmitry"]
[Result "1-0"]
[WhiteElo "2335"]
[BlackElo "2153"]
[PlyCount "52"]
[EventDate "1999.11.02"]
[EventType "swiss"]
[EventRounds "9"]
[EventCountry "RUS"]
[SourceTitle "CBM 074"]
[Source "ChessBase"]
[SourceDate "2000.02.01"]
[SourceVersion "1"]
[SourceVersionDate "2000.02.01"]
[SourceQuality "1"]

1. e4 e5 2. Nf3 Nc6 3. Bb5 a6 4. Ba4 Nf6 5. Qe2 Be7 6. 0-0 0-0 7. Bxc6 dxc6 8. Nxe5 Bd6 9. Nf3 Re8 10. d3 Bg4 11. h3 Bh5 12. Be3 Qd7 13. Nbd2 h6 14. Qe1 g5 15. Nd4 g4 16. h4 g3 17. fxg3 Ng4 18. Nf5 Kh7 19. Nc4 Bf8 20. Bf4 Bc5+ 21. Kh1 Re6 22. Qc3 Rg8 23. Ne5 Rxe5 24. Bxe5 Nf2+ 25. Rxf2 Bxf2 26. Qd2 Bc5 1-0

[Event "Chigorin Memorial 07th"]
[Site "St Petersburg"]
[Date "1999.11.05"]
[Round "4"]
[White "Shinkevich, Vitaly"]
[Black "Soldatenkov, Kusma"]
[Result "1-0"]
[WhiteElo "2428"]
[BlackElo "2335"]
[PlyCount "73"]
[EventDate "1999.11.02"]
[EventType "swiss"]
[EventRounds "9"]
[EventCountry "RUS"]
[SourceTitle "CBM 074"]
[Source "ChessBase"]
[SourceDate "2000.02.01"]
[SourceVersion "1"]
[SourceVersionDate "2000.02.01"]
[SourceQuality "1"]

1. e4 e5 2. Nf3 Qe7 3. Nc3 c6 4. Bc4 d6 5. h3 Be6 6. Be2 h6 7. d4 Qc7 8. 0-0 Ne7 9. a4 g5 10. Be3 a5 11. d5 Bd7 12. Nd2 Ng6 13. Nc4 c5 14. Bg4 Be7 15. g3 Bxg4 16. Qxg4 Ra6 17. Ra3 Nd7 18. Bd2 Nf6 19. Qf5 Nh5 20. Qf3 Ng7 21. Nd1 Qd7 22. Qg4 Bd8 23. Rb3 Qc7 24. Bxa5 Qb8 25. Bxd8 Kxd8 26. a5 Qc8 27. Nc3 Ne7 28. Qf3 f5 29. Nb5 Kd7 30. Nb6+ Rxb6 31. axb6 h5 32. Nc7 g4 33. Qe2 Ng6 34. hxg4 hxg4 35. exf5 Nxf5 36. Qxg4 Nge7 37. Qa4+ 1-0

[Event "St Petersburg White Nights op"]
[Site "St Petersburg"]
[Date "1997.??.??"]
[Round "?"]
[White "Razuvajeva, Julia"]
[Black "Soldatenkov, Kusma"]
[Result "0-1"]
[WhiteElo "2105"]
[BlackElo "2365"]
[PlyCount "122"]
[EventDate "1997.??.??"]
[EventType "swiss"]
[EventRounds "9"]
[EventCountry "RUS"]
[SourceTitle "EXT 2000"]
[Source "ChessBase"]
[SourceDate "1999.11.16"]
[SourceVersion "1"]
[SourceVersionDate "1999.11.16"]
[SourceQuality "1"]

1. e4 e5 2. Nf3 Qe7 3. Bc4 h6 4. 0-0 d6 5. d4 Nf6 6. Re1 Bg4 7. dxe5 dxe5 8. b3 Nfd7 9. Ba3 Qf6 10. Bxf8 Rxf8 11. Nc3 c6 12. Re3 Nb6 13. Be2 Bxf3 14. Rxf3 Qe7 15. a4 N6d7 16. a5 Nf6 17. Ra4 Nbd7 18. b4 a6 19. Qb1 Rd8 20. Re3 Rh8 21. Nd1 Kf8 22. c4 g6 23. Rg3 Kg7 24. Ne3 Kh7 25. c5 Nf8 26. Nc4 Rd4 27. Re3 Ne6 28. Ra2 Nf4 29. Nd6 Rd8 30. Ra1 Ne8 31. Nxe8 Qxe8 32. Qe1 Nxe2+ 33. Rxe2 Qe6 34. g3 Qb3 35. Rb1 Qc4 36. Kg2 Kg7 37. h3 h5 38. h4 R8d7 39. Kg1 Rd3 40. Kg2 Rc3 41. Kg1 Rd4 42. Kg2 Rc2 43. Rxc2 Qxc2 44. Rc1 Qxe4+ 45. Qxe4 Rxe4 46. Rb1 Kf6 47. Kf3 Rd4 48. Ke3 Ke6 49. Rb2 Kd5 50. f4 e4 51. f5 Rd3+ 52. Ke2 gxf5 53. Rb1 Rxg3 54. Rd1+ Rd3 55. Rg1 Ke5 56. Rg5 Kf4 57. Rxh5 Rh3 58. Rh8 Rh2+ 59. Kf1 e3 60. Rf8 Kf3 61. Rxf7 f4 0-1

[Event "St Petersburg White Nights op"]
[Site "St Petersburg"]
[Date "1997.??.??"]
[Round "?"]
[White "Soldatenkov, Kusma"]
[Black "Andreev, Konstantin"]
[Result "0-1"]
[WhiteElo "2365"]
[BlackElo "2290"]
[PlyCount "70"]
[EventDate "1997.??.??"]
[EventType "swiss"]
[EventRounds "9"]
[EventCountry "RUS"]
[SourceTitle "EXT 2000"]
[Source "ChessBase"]
[SourceDate "1999.11.16"]
[SourceVersion "1"]
[SourceVersionDate "1999.11.16"]
[SourceQuality "1"]

1. e4 e5 2. Nf3 Nc6 3. Bb5 a6 4. Ba4 Nf6 5. Qe2 Be7 6. 0-0 0-0 7. c3 b5 8. Bb3 d6 9. d3 Na5 10. Bc2 c5 11. Nbd2 Nh5 12. Nb3 Nxb3 13. Bxb3 Bb7 14. Re1 a5 15. Nxe5 dxe5 16. Qxh5 Qxd3 17. Bf4 b4 18. Re3 Qb5 19. Rh3 Bxe4 20. Qxe5 Bg6 21. Qxe7 c4 22. cxb4 axb4 23. Bd2 cxb3 24. Rxb3 Qd5 25. Qxb4 Bc2 26. Rg3 Rfb8 27. Qc3 Bg6 28. a3 Rc8 29. Qe3 Re8 30. Rg5 f5 31. Qc3 Rac8 32. Qb4 Re4 33. Qa5 Rc5 34. Qa7 Qxd2 35. h4 Rc1+ 0-1